00496nam a2200121Ia 450000500170000000800410001708200190005810000130007724500710009026000330016130000160019450001640021020240603051708.0240331s9999 xx 000 0 und d bWOO22nd a352 aWoolf, L 0aDiaries in Ceylon 1908-1911 :brecords of a colonial administrator aDehiwalabTisara Pressc1983 axxx,286 p., aThe official diaries maintained by Lenard Woolf while Assistant Government Agent of the Hambantota District, Ceylon, during the period August 1908 to May 1911.